000 00749cam a2200241 4500
001 J4094
008 090401t1997 xxu||||| |||| 00| 0 eng d
020 _a072820276X
035 _a(Sirsi) u58244
041 _aeng
050 _a333.337
110 _aDTZ Debenham Thorpe
_92895
245 _aUK leisure parks report.
260 _aLondon
_bEstates Gazette
_c1997
300 _a38p. ; 30cm.
350 _a14.5
520 _aProvides a summary of the UK leisure market, listing basic details on size, ownership and occupiers. Provides statistics for both existing parks and those under construction.
650 _aLEISURE MARKET
650 _aLEISURE PARKS
690 _aPROPERTY-COMMERCIAL PROPERTY
942 _n0
948 _c04/03/1997
999 _c94044
_d94044